| 000 | 00738nam a22002177a 4500 | ||
|---|---|---|---|
| 003 | UA-OsUOA | ||
| 001 | 121427 | ||
| 007 | ta | ||
| 008 | 20170320b un ||||| |||| 00| 0 ukr d | ||
| 100 | _aСветлакова А. | ||
| 090 |
_a32 _bС24 |
||
| 942 | _cSA | ||
| 040 |
_aUA-OsUOA _bfre _cUA-OsUOA _dUA-OsUOA |
||
| 245 | _aПутин в Гааге?. Однозначно! / Министр юстиции павел петренко рассказал, как Украина отстаивает свои права в международных судах... | ||
| 300 | _aС.18-21 | ||
| 955 | _a0 | ||
| 041 | _afre | ||
| 080 | _a32 | ||
| 773 | 0 |
_w121426 _tКорреспондент _dК. _d2017 _g11 |
|
| 650 | 7 |
_a32 Політика _2UDC |
|
| 999 |
_c407512 _d407512 |
||